| 000 | 00878cam1a220021700 4500 | ||
|---|---|---|---|
| 001 | tmp15783344 | ||
| 003 | UPRA | ||
| 005 | 20190815105922.0 | ||
| 008 | 951027s1981 tz eng u | ||
| 035 | _a(Sirsi) r35143 | ||
| 035 | _a(UPRA)tmp15783344 | ||
| 040 | _cUPRA | ||
| 100 | 1 |
_aBroome, M. _6A98168.1 |
|
| 245 | 1 | 0 |
_aBooks for the people : _ban experiment in library service in Tanganyika. |
| 260 |
_a[Dar es Salaam, _c1981?] |
||
| 490 | 1 |
_aTanzania Library Service. Occasional papers ; _vno. 17 |
|
| 500 | _aBased on a table given at a Conference on Library Work in Africa, Norrkoping, Sweden, Tuesday, 31st August, 1965. Revised November 1965. | ||
| 810 | 2 |
_aHuduma za Maktaba za Taifa Tanzania. Occasional papers ; _tHuduma za Maktaba za Taifa Tanzania. Occasional papers ; _vno. 17 _6S5540.1 |
|
| 949 |
_aL5(O8) Oc.Pap/17 _wlcc _mMAIN _tBOOK _lON-SHELF |
||
| 004 | 35143 | ||
| 999 |
_c68670 _d68670 |
||